| 000 | 01090nam a22002777a 4500 | ||
|---|---|---|---|
| 001 | 8876 | ||
| 003 | FISKH | ||
| 005 | 20251028100137.0 | ||
| 008 | 251028b cb ||||| |||| 00| 0 eng d | ||
| 040 |
_aFISKH _beng _cFISKH _dFISKH |
||
| 050 | _aPZ10.D274 I | ||
| 082 | _a595.7 | ||
| 100 |
_aDempsey, Michael W. _eAuthor |
||
| 245 |
_aInsects that live together : _bStarting point library / _cMichael W. Dempsey and Angela Sheehan |
||
| 260 |
_aNew York : _bWorld publishing , _c1970 |
||
| 300 |
_a30 pages : _bcolor illustrations ; _c24 cm |
||
| 505 | _aN | ||
| 520 | _aA new series, designed to meet the needs of young children for a simple and authoritative introduction to many areas of knowledge. A carefully controlled vocabulary, closely related to the color illustrations in each book, enables the child to gain a basic understanding to each subject. | ||
| 521 | 8 |
_a575
_bLexile estimate |
|
| 521 | 8 |
_aN
_bRaz-Plus |
|
| 650 |
_aNon-fiction _vPicture book |
||
| 650 |
_aScience _vInsects |
||
| 700 |
_aSheehan, Angela _eAuthor |
||
| 942 |
_2ddc _cBK _n0 |
||
| 999 |
_c8876 _d8876 |
||